000 00532nam a2200181Ia 4500
001 8940
005 20260306160647.0
008 260306t2013||||xx |||||||||||||| ||spa||
041 _aESP
082 _a371.95
_bS23
100 _aSánchez Aneas, Asela
_eAUT
245 0 _aAltas capacidades intelectuales:
_bsobredotación y talentos: detección, evaluación, diagnóstico e intervención educativa y familiar
260 _c2013
300 _a291 páginas :
_c24 cm.
650 _aGEN
654 _aCED
942 _cLIB
_dJUS
_fJUS
_2ddc
_n
999 _c8940
_d8940